Objects that are Zoomed-In - Statistics

General Stats
  • This quiz has been taken 29 times
  • The average score is 7 of 8
Answer Stats
Picture Answer % Correct
Flower
100%
Pencil
100%
Barcode
87%
Chips
87%
Sponge
87%
Tennis Ball
87%
Ice Cube
83%
Seashell
74%
No matching quizzes found
Score Distribution
Percent of People with Each Score
Percentile by Number Answered
Your Score History
You have not taken this quiz